Geografía 9 : argentina en el mundo /
Guardado en:
| Autor Principal: | |
|---|---|
| Otros Autores: | |
| Formato: | Libro |
| Publicado: |
Buenos Aires :
A-z,
1998
|
| Series: | Ciencias Sociales
|
| Materias: | |
| Etiquetas: |
Agregar Etiqueta
Sin Etiquetas, Sea el primero en etiquetar este registro!
|
| LEADER | 00976nam a22002535a 4500 | ||
|---|---|---|---|
| 001 | CEM.cems017955 | ||
| 005 | 20130228090229.0 | ||
| 008 | 130507s1998##################000#0#####d | ||
| 003 | CEMS | ||
| 020 | |a 9505345070 | ||
| 082 | 0 | 4 | |a 918.2 |
| 100 | 1 | |a Louro, Nilda | |
| 245 | 1 | 0 | |a Geografía 9 : |b argentina en el mundo / |c Nilda Louro y María Julia Loray |
| 260 | |a Buenos Aires : |b A-z, |c 1998 | ||
| 300 | |a 117 p. | ||
| 490 | 0 | |a Ciencias Sociales | |
| 500 | |a Para 3er. Ciclo Egb | ||
| 505 | 0 | |a El espacio geográfico argentino -- ¿Quénes ocupan el espacio geográfico? -- ¿Qué actividades se desarrollan en el espacio geográfico? -- ¿Cómo se reestructuran el transporte y las comunicaciones? -- ¿Cómo se construye el espacio geográfico? | |
| 653 | |a Ciencias sociales | ||
| 653 | |a Ciencias sociales-9 egb | ||
| 653 | |a Geografía | ||
| 653 | |a Geografía-9 egb | ||
| 700 | 1 | |a Loray, María Julia | |
| 859 | |a CEMS |b BIB. CEMS - Agricultura |h 918.2 |i L934 |p A1770.12 |t Ej.1 |v 9 |3 9 | ||
